History Quiz

Random History or Clickable Quiz

US History Quotes Quiz Stats

 Plays Quiz Updated May 25, 2016

Challenge
Share
Tweet
Embed
Score 0/20 Timer 05:00
2 Plays Today
% Correct
Martin Luther King, Jr.
98.9%
Ronald Reagan
93.1%
John Kennedy
92.6%
Henry Ford
92.1%
Theodore Roosevelt
83.1%
Franklin Roosevelt
81%
Patrick Henry
80.1%
Abraham Lincoln
77.6%
Susan B. Anthony
73.9%
Cesar Chavez
63%
% Correct
Alexander Hamilton
62.5%
Maya Angelou
55.6%
Helen Keller
51.7%
Thomas Jefferson
50%
Rachel Carson
47.6%
J. Robert Oppenheimer
46.9%
Abigail Adams
46.4%
Malcolm X
44.3%
Madeleine Albright
41.1%
Ruth Bader Ginsburg
30.4%

You're not logged in!

Compare scores with friends on all Sporcle quizzes.
OR
Log In

You Might Also Like...

Show Comments

Extras

Top Quizzes Today


Score Distribution

Your Account Isn't Verified!

In order to create a playlist on Sporcle, you need to verify the email address you used during registration. Go to your Sporcle Settings to finish the process.

Report this User

Report this user for behavior that violates our Community Guidelines.

Details: